02526cam a2200265 a 4500003000900000005001700009008004100026040002800067041000800095100003200103245019700135246019300332260005100525300004300576502008700619520131100706530002202017653002302039653001502062653003502077700003802112700003802150700003902188856003302227EG-GiCUC20250223031741.0170708s2016 ua dh f m 000 0 eng d aEG-GiCUCbengcEG-GiCUC0 aeng0 aAhmed Mahmoud Sabry Ibrahim10aRole of inhaled beta-2 agonist salbutamol in management of transient tachypnea of the newborn / cAhmed Mahmoud Sabry ; Supervised Mona Mohsen Elattar , Dalia Ahmed Khairy , Dina Mohamed Akmal15aدور استنشاق السالبيوتامول احد منبهات بيتا الثنائية فى علاج الإسراع التنفسى العابر لدى حديثى الولادة aCairo : bAhmed Mahmoud Sabry Ibrahim , c2016 a91 P. : bcharts , facsimiles ; c25cm aThesis (M.Sc.) - Cairo University - Faculty of Medicine - Department of Pediatrics aBackround: Postnatal respiratory complications among term infants are common. The most commonly reported cause of neonatal respiratory distress is transient tachypnea of the newborn with estimated incidence of 1% to 2% of all newborns. Objectives: The aim of this study is to evaluate the efficacy of inhaled salbutamol, a beta-2 adrenergic agonist, for the treatment of transient tachypnea of the newborn and to determine whether inhaled salbutamol is safe in newborn infants. Methods:It is randomized controlled trial study considering patient with even registration number as cases. Inhaled salbutamol, or normal saline solution will be administered to 60 infants with gestational ages ranging from 36 to 39 weeks and diagnosed as transient tachypnea of the newborn. The response to inhaled drugs therapy will be evaluated by determining: respiratory rate, heart rate, clinical score of transient tachypnea of the newborn, level of respiratory support, fraction of inspired oxygen, before and at 30 minutes and 1 and 4 hours after drugs therapy. The duration and level of total respiratory support will be assigned along with the duration of hospitalization. The standard dose of salbutamol was 0.15 mg/kg (bertrand et al., 2001). The second group received dose of 2ml neubilized 0.9% normal saline only aIssued also as CD 4aInhaled B2 agonist 4aSalbutamol 4aTransient tachypnea of newborn0 aDalia Ahmed Khairy , eSupervisor0 aDina Mohamed Akmal , eSupervisor0 aMona Mohsen Elattar , eSupervisor uhttp://172.23.153.220/th.pdf